Piłka nożna - Manchester United - transfery - Statystyki

Ogólne statystyki
  • Ten quiz został rozwiązany 145 razy
  • Średni wynik to 10 z 15
Statystyki odpowiedzi
miejsce kwota sezon klub oddający zawodnik % Poprawnych
1. 105,00 mln € 16/17 Juventus Turyn Paul Pogba
94%
2. 95,00 mln € 22/23 Ajax Amsterdam Antony
87%
4. 85,00 mln € 21/22 Borussia Dortmund Jadon Sancho
87%
9. 70,65 mln € 22/23 Real Madryt Casemiro
82%
3. 87,00 mln € 19/20 Leicester City Harry Maguire
80%
11. 65,00 mln € 19/20 Sporting CP Bruno Fernandes
74%
8. 74,20 mln € 25/26 Wolverhampton Matheus Cunha
72%
10. 67,70 mln € 23/24 Chelsea FC Mason Mount
70%
6. 77,80 mln € 23/24 Atalanta BC Rasmus Hojlund
67%
12. 62,00 mln € 24/25 LOSC Lille Leny Yoro
61%
5. 84,70 mln € 17/18 Everton FC Romelu Lukaku
59%
7. 75,00 mln € 14/15 Real Madryt Angel Di Maria
57%
13. 60,00 mln € 15/16 AS Monaco Anthony Martial
51%
14. 59,00 mln € 18/19 Szachtar Donieck Fred
51%
15. 57,37 mln € 22/23 Ajax Amsterdam Lisandro Martinez
44%
Nie znaleziono quizów pasujących do podanych kryteriów
Rozkład punktacji
Procent ludzi z każdym wynikiem
Percentyl według liczby udzielonych odpowiedzi
Twoja historia wyników
Nie rozwiązałeś tego quizu